MARC

LEADER 00000nam0a2200000 4500
001 161035
005 20231101222228.0
010 |b 5000 экз. 
035 |a (RuTPU)RU\TPU\book\174631 
090 |a 161035 
100 |a 20090602d1933 k y0rusy50 ca 
101 1 |a rus  |c ger 
102 |a RU 
105 |a acf z 001zb 
200 1 |a Закон сохранения и превращения энергии  |e четыре исследования 1841-1851  |f  Р. Майер  |g под ред., с вводной статьей и примечаниями А. А. Максимова 
210 |a Москва  |c Изд-во технико-теоретической литературы  |d 1933  |a Ленинград 
215 |a 309 с. 
225 1 |a Классики естествознания 
320 |a Примечания: с. 283-309. 
610 1 |a физика 
610 1 |a энергия 
610 1 |a сохранение 
610 1 |a превращения 
610 1 |a закон сохранения энергии 
610 1 |a первоисточники 
675 |a 536.72  |v 3 
700 1 |a Майер  |b Ю. Р.  |c немецкий естествоиспытатель  |c врач  |f 1814-1878  |g Юлиус Роберт  |2 stltpush  |3 (RuTPU)RU\TPU\pers\4377  |9 976 
702 1 |a Максимов  |b А. А.  |4 340 
801 1 |a RU  |b 63413507  |c 20090602  |g PSBO 
801 2 |a RU  |b 63413507  |c 20210223  |g RCR 
942 |c BK